| 000 | 00836nam a2200241Ia 4500 | ||
|---|---|---|---|
| 003 | OSt | ||
| 005 | 20220923223458.0 | ||
| 006 | a|||||r|||| 00| 0 | ||
| 007 | ta | ||
| 008 | 220922b |||||||| |||| 00| 0 hin d | ||
| 024 | _a217,445 | ||
| 037 | _cTextual | ||
| 040 |
_aARTS _cARTS _bhin |
||
| 041 |
_2hin _ahin |
||
| 082 | _aQ:8, 152N9 | ||
| 100 | _aधर्मकीर्ति | ||
| 245 | 0 | _aमैं अनीश्वरवादी क्यों? | |
| 246 | _aMaian anīshvaravādī kyoan? Gurū jāmbhojī evam hinātmā gāandhī ke dharma-darshan kā samīkṣhātmak mūlyāankana | ||
| 260 |
_aदिल्ली _b भारतीय बौद्ध महासभा _c1999 |
||
| 300 |
_a136i` _ccm. |
||
| 942 |
_hQ:8, 152N9 _cTEXL _2CC |
||
| 999 |
_c365604 _d365604 |
||